| 000 | nkm a22 a 4500 | ||
|---|---|---|---|
| 999 |
_c398742 _d398742 |
||
| 003 | BLK | ||
| 005 | 20210217100127.0 | ||
| 008 | 210121b bu ||||| |||| 00| 0 bu d | ||
| 040 | _aBLK | ||
| 041 |
_aRUS _cRUS |
||
| 080 |
_aВъоръжени сили в цялост. Военен живот в мирно и военно време _b355.1 _x(47+57)(084) _z355.1(47+57)(084) |
||
| 139 | _aАрмия советская | ||
| 245 |
_aАрмия советская _bАрмия трудового народа. Всегда на страже. Патриоты и интернационалисты : Фотоальбом _cавт.-состав. Юрий Александрович Виноградов и др.; худож. Евгений Григорьевич Воронцов и др.; авт. текста, под общ. ред. на Дмитрий Антонович Волкогонов |
||
| 257 | _aSUN | ||
| 260 |
_aМосква _bПланета _c1987 _9434166 |
||
| 300 |
_a1 албум (232 с.) _bс цв. фотогр. _c27 см |
||
| 380 | _a3 | ||
| 500 | _aДр. худож. Евгений Васильевич Хоменко. - Офс. изд. - 36 000 тир. | ||
| 650 | 0 |
_9323035 _aАрмия, съветска |
|
| 651 | 7 |
_9179592 _aСССР |
|
| 653 | 0 |
_aснимкови албуми _9401783 |
|
| 700 |
_9409 _aВиноградов, Юрий Александрович _eавт.-состав. |
||
| 700 |
_9441624 _aКукленко, Виктор Александрович _eавт.-состав. |
||
| 700 |
_91637 _aВоронцов, Евгений Григорьевич _eхудож. |
||
| 700 |
_9403 _aВолкогонов, Дмитрий Антонович _eавт. на текста |
||
| 700 |
_9864 _aВолкогонов, Дмитрий Антонович _eпод общ. ред. на |
||
| 852 |
_aЦб ІІ 25837 _bЦб |
||
| 942 |
_cGRA _n0 _s1 |
||
| 944 |
_aCR _c2021-02-17 _kСТ |
||
| 999 | _d398734 | ||
| 999 | _d398734 | ||
| 999 | _d398731 | ||
| 999 | _d398731 | ||